000
00230 a2200097 4500
001
663
100
_a
Dean,KJ
245
_a
Introduction to counting Techniques and Transistor circuits
260
_a
_b
Chapman
_c
090
_c
262
_d
262
942
_a
NUST-CAE
_c
M
_c
18002
999
_c
235736
_d
235736